Personnages de Life Is Strange - Statistiques

Statistiques générales
  • Ce quiz a été pris 50 fois
  • Le résultat moyen est 12 sur 19
Statistiques - réponses
Par images Réponse % Correct
Chloe Price
100%
Maxine Caulfield
100%
Nathan Prescott
95%
Rachel Amber
92%
Warren Graham
90%
Kate Marsch
87%
Mark Jefferson
87%
Victoria Chase
79%
David Madsen
77%
Joyce Price
74%
Frank Bowers
69%
Dana Ward
49%
William Price
44%
Samuel Taylor
38%
Michelle Grant
28%
Taylor Christensen
28%
Brooke Scott
26%
Ray Wells
13%
Zachary Riggins
10%
Aucun quiz correspondant
Distribution des résultats
% des personnes avec chaque résultat
Percentile par nombre de réponses
Votre historique - résultats
Vous n’avez pas pris ce quiz